| 000 | 00768nam a2200217 a 4500 | ||
|---|---|---|---|
| 003 | 0 | ||
| 005 | 20250412085627.0 | ||
| 008 | 970101s19uu xx 00 eng d | ||
| 050 |
_aPGS RJ 506.D4 _b.M434 2004 |
||
| 100 | _aMatsubayashi, Erika D. | ||
| 245 |
_aAwareness of grade 7 students on depression / _cErika D. Matsubayashi. |
||
| 260 |
_aLas PiƱas City, Philippines : _bSouthville International School and Colleges, _c2004. |
||
| 300 |
_aUnpaged : _billustrations ; _c28 cm. |
||
| 504 | _aIncludes bibliographical references. | ||
| 650 | _aDepression in adolescence. | ||
| 650 | _aDepression in children. | ||
| 650 |
_aMental health _vStudy and teaching. |
||
| 650 |
_aStudents _vAttitudes. |
||
| 650 | _aAwareness (Psychology). | ||
| 942 |
_2lcc _cPASS |
||
| 999 |
_c97023 _d97023 |
||